000 00662nam a2200229 a 4500
001 BRCA_3537
005 20190320204326.0
008 290709s1931----u--a---###---#000-0#eng-#
041 _aeng
044 _au
050 4 _aF1215
_b.C37 1931
100 1 _aCarr, Harry
_d1877-1936
_99178
245 1 0 _aOld mother Mexico
_cby Harry Carr ; with illustrations by Louis H. Ruyl.
260 _aBoston, Massachusetts
_bHougton Mifflin
_c1931
300 _a270 p.
_bil.
_c22 cm.
500 _aB204
650 1 4 _aViajeros estadounidenses
_97583
651 4 _aMéxico
_xDescripción y viajes
_9103
700 1 _aRuyl, Louis H.
_eil
_99179
902 _aGFM
942 _2lcc
_cB
999 _c3272
_d3272